Renacimiento

Gorde:
Xehetasun bibliografikoak
Egile Nagusiak: Wundram, Manfred (Egilea), Walther, Ingo F (Egilea)
Formatua: Liburua
Hizkuntza:gaztelania
Argitaratua: Colonia Taschen 2006
Gaiak:
Etiketak: Etiketa erantsi
Etiketarik gabe, Izan zaitez lehena erregistro honi etiketa jartzen!

MARC

LEADER 00000nam a2200000 a 4500
001 UCG7150
003 CL-VaPUC
008 110624e20060000GW |||||||||||||||||spa|d
020 |a 9783822852989 
082 0 4 |a 700  |b WUN  |2 21 
100 0 |a Wundram, Manfred  |e author  |9 557739 
700 0 |a Walther, Ingo F  |e author  |9 557740 
245 1 0 |a Renacimiento 
300 |a 96 p 
942 |c BK 
945 |d 20110624 00:00:00  |a dcastane 
260 |a Colonia  |b Taschen  |c 2006 
650 0 |a Arte  |9 265238 
650 0 |a Arte renacentista   |9 264949 
650 7 |a PINTORES RENACENTISTAS  |2 CL-VaPUC  |9 456682 
583 |a last modification  |c 20110624 00:00:00  |k Rodrigo Vera 
999 |c 345214  |d 345212 
952 |0 0  |1 0  |4 0  |6 700_000000000000000_WUN_2006  |7 0  |8 C  |9 443695  |a BIBCUR  |b BIBCUR  |d 2019-11-22  |i 4785568  |o 700 WUN 2006  |p 4785568  |r 2025-04-22  |w 2019-11-22  |y BK  |k CAC